Le béte lumineuse

Gardado en:
Detalles Bibliográficos
Autor Principal: Perrault, Pierre
Formato: Libro
Idioma:Undetermined
Publicado: Montreal, Canadá Editions Nouvelle Optique 1982
Materias:
Etiquetas: Engadir etiqueta
Sen Etiquetas, Sexa o primeiro en etiquetar este rexistro!

MARC

LEADER 00000nam a2200000Ia 4500
008 170316s9999 xx 000 0 und d
040 |a cru BVZT 
090 |a 818 P-2b 
100 |a Perrault, Pierre 
245 |a Le béte lumineuse 
260 |a Montreal, Canadá 
260 |b Editions Nouvelle Optique 
260 |c 1982 
300 |a 251 páginas 
650 |a LITERATURA CANADIENSE 
999 |c 6614  |d 6614 
942 |c 15 D  |h 818 P-2b  |2 z